000 00850nam a2200277 i 4500
001 8156
003 ES-MaACL
005 20250825062713.0
007 t|
008 920228s1990 sp ||||1|bspa d
020 _a84-7844-023-2
080 _a92 Rimbaud,Arthur
080 _a84(Rimbaud,A.):92
100 1 _aStarkie, Enid.
_9107932
245 1 0 _aArthur Rimbaud /
_cEnid Starkie ; traducción José Luis López Muñoz.
260 _aMadrid :
_bSiruela,
_cD.L. 1990.
300 _a492 p. ;
_c24 cm.
490 1 _aLibros del tiempo ;
_v11
600 1 4 _aRimbaud, Arthur,
_d1854-1891-
_xBiografías
_997238
655 0 _aBiografías
_9176647
700 1 _aLópez Muñoz, José Luis.
_973816
830 0 0 _aLibros del tiempo (Siruela)
_v11
_9233603
852 _aES-MaACL
_jL-15439
_bR.119865
942 _2udc
999 _c8156
_d8156